000 01503nam a22002177a 4500
999 _c63466
_d63466
003 Ge_BSU
005 20251015153045.0
008 251015s1965 ge ||||| |||| 00| 0 geo d
041 _ageo
080 _a63(560) კ-71
100 _aკომახიძე, ნ.
_924044
245 _aსოფლის მეურნეობა და გლეხთა მდგომარეობა აღმოსავლეთ თურქეთში მეორე მსოფლიო ომის შემდეგ = СЕЛЬСКОЕ ХОЗЯЙСТВО И ПОЛОЖЕНИЕ КРЕСТЬЯНСТВА ВОСТОЧНОЙ ТУРЦИИ ПОСЛЕ ВТОРОЙ МИРОВОЙ ВОЙНЫ /
_c ნ. კომახიძე; აღმოსავლეთმცოდნეობის ინ-ტი.
264 _aთბილისი :
_bმეცნიერება,
_c1965.
300 _a166 გვ. :
_bილ. და ცხრილ. ;
_c22 სმ.
504 _aბიბლიოგრფია: გვ.158-165
653 _aთურქეთის სოფლის მეურნეობა
653 _aთურქი გლეხები.
653 _aაგრარული საკითხი თურქეთში.
710 _aსაქართველოს სსრ მეცნიერებათა აკადემია
_bაღმოსავლეთმცოდნეობის ინსტიტუტი
_913139
942 _2udc
_cᲬᲘᲒᲜᲘ